02060nam a2200433Ia 4500001001200000003000800012006001900020007001500039008004100054020001800095024001800113040002100131035002100152050002600173245021500199246003900414246008000453260005500533300001900588490003000607500025800637504005100895533015200946650002501098650001901123650002401142650002201166655002901188700002401217700002901241700002301270700003901293710005701332710004601389710001701435830003101452856012601483999001701609ebr10155184CaPaEBRm u cr cn|||||||||051011s2005 ne a sb 001 0 eng d z97890859400433 z9789085940043 aCaPaEBRcCaPaEBR a(OCoLC)22814681514aNA9053.S6bS55 2005eb00aShifting senseh[electronic resource] :blooking back to the future in spatial planning /cE.D. Hulsbergen, I.T. Klaasen, I. Kriens (eds.) ; [translation and language editing, Susan M. van der Werff-Woolhouse].3 aShifting sense in spatial planning1 iAt head of title :aFaculty of Architecture, Delft University of Technology aAmsterdam, The Netherlands :bTechne Press,c2005. a403 p. :bill.1 aDesign, science, planning a"Produced within the frame of the research programme of the Delft Centre for Sustainable Urban Areas and financed by the Chair of Spatial Planning and the Dean of the Faculty of Architecture, Delft University of Technology, The Netherlands"--T.p. verso. aIncludes bibliographical references and index. aElectronic reproduction.bPalo Alto, Calif. :cebrary,d2009.nAvailable via World Wide Web.nAccess may be limited to ebrary affiliated libraries. 0aSpace (Architecture) 0aCity planning. 0aMetropolitan areas. 0aCities and towns. 7aElectronic books.2local1 aHulsbergen, Edward.1 aKlaasen, I. T.q(Ina T.)1 aKriens, I.q(Iwan)1 aWerff-Woolhouse, Susan M. van der.2 aTechnische Universiteit Delft.bFaculteit Bouwkunde.2 aDelft Centre for Sustainable Urban Areas.2 aebrary, Inc. 0aDesign, science, planning.40uhttp://site.ebrary.com/lib/rucke/Doc?id=10155184zAn electronic book accessible through the World Wide Web; click to view c93003d93003